Online
Catalog

Significación de la nueva realidad dominicana / (Record no. 32732)

MARC details
000 -CABECERA
campo de control de longitud fija 00475nam a2200145 a 4500
001 - NÚMERO DE CONTROL
campo de control 000033241
005 - FECHA Y HORA DE LA ÚLTIMA TRANSACCIÓN
campo de control 20200930070123.0
008 - DATOS DE LONGITUD FIJA--INFORMACIÓN GENERAL
campo de control de longitud fija 110823s1960 dr c 000 0 spa d
040 ## - FUENTE DE LA CATALOGACIÓN
Centro catalogador/agencia de origen DO-SdBNP
Lengua de catalogación spa
Centro/agencia transcriptor BNPHU
082 ## - NÚMERO DE LA CLASIFICACIÓN DECIMAL DEWEY
Número de clasificación xxx
Número de documento/Ítem C794s
100 1# - ENTRADA PRINCIPAL--NOMBRE DE PERSONA
Nombre de persona Cordero, Armando
9 (RLIN) 36629
245 10 - MENCIÓN DE TÍTULO
Título Significación de la nueva realidad dominicana /
Mención de responsabilidad, etc. Armando Cordero.
260 ## - PUBLICACIÓN, DISTRIBUCIÓN, ETC.
Lugar de publicación, distribución, etc. Ciudad Trujillo, República Dominicana :
Nombre del editor, distribuidor, etc. Impresora Dominicana,
Fecha de publicación, distribución, etc. 1960.
300 ## - DESCRIPCIÓN FÍSICA
Extensión 18 p. :
Otras características físicas retr., ;
Dimensiones 24 cm.
Holdings
Estado de retiro Estado de pérdida Restricciones de uso No para préstamo Código de colección Localización permanente Ubicación/localización actual Ubicación en estantería Fecha de adquisición Número de inventario Total de préstamos Signatura topográfica completa Código de barras Fecha visto por última vez Precio válido a partir de Tipo de ítem Koha Nota pública
      Excluido de préstamo Raros y valiosos Patrimonio Dominicano Patrimonio Dominicano En catalogación 23.08.2011 LF1   xxx C794s 33241-10 25.06.2020 25.06.2020 No se presta Perteneció a la biblioteca personal de Martínez Boog
        Patrimonio Dominicano Patrimonio Dominicano Patrimonio Dominicano Orden iniciada 23.08.2011 LF1   xxx C794s 33242-10 25.06.2020 25.06.2020 Libro y Folleto Colección Patrimonio Dominicano  

Powered by Koha